Datum a čas kvízu
40.5
Celkem bodů
Celkový počet nahraných bodů na tomto kvízu bez doplňovacích otázek.
1.
Pořadí na kvízu
Konečné umístění týmu na tomto kvízu.
Zaznamenané odpovědi
| # | Otázka | Odpověď | Body | Výsledky |
|---|---|---|---|---|
| 1. | Vláda minulý týden představila... | úkol | 0 | |
| 2. | Minulý týden bylo rozhodnuto o... | Julian Assange | 1 | |
| 3. | Andrej Babiš navštívil festiva... | Mirai | 1 | |
| 4. | V Moskvě bylo otevřeno prvních... | Chutně a tečka / Vkusno & točka | 1 | |
| 5. | Basketbalová NBA již zná svého... | Golden State Warriors | 0 | |
| 6. | V následujících pěti otázkách... | Uprchlík; Harrison Ford, Tommy Lee Jones | 1 | |
| 7. | Pokračujeme snímkem Pulp Ficti... | 1D 2C 3B 4A | 1 | |
| 8. | V roce 2013 byl natočen životo... | James Hunt, Niki Lauda | 1 | |
| 9. | Jak zní příjmení manželského p... | Márovi | 0 | |
| 10. | Přiřaďte k sobě herecké předst... | 1B 2D 3C 4A | 1 |